DC Comics Characters By Identities Quiz Stats

 Plays Quiz not verified by Sporcle

Challenge
Share
Tweet
Embed
Score 0/72 Timer 15:00
0 Plays Today
Secret Identities Super Names % Correct
Bruce WayneBatman
99.9%
Clark Kent/Kal-ElSuperman
99.8%
Diana PrinceWonder Woman
98.1%
Barry AllenThe Flash
97.2%
Hal JordanGreen Lantern
95.4%
Oliver QueenGreen Arrow
93.9%
Dick GraysonRobin
93.7%
Kara Zor-ElSupergirl
92.2%
Selina KyleCatwoman
91.9%
Barbara GordonBatgirl
91.8%
Wally WestKid Flash
91.5%
Arthur CurryAquaman
91.3%
John JonesMartian Manhunter
89.6%
Carter HallHawkman
85.3%
Shayera HallHawkgirl
85.3%
Harvey DentTwo-Face
85.2%
Dinah LanceBlack Canary
85.1%
Billy BatsonCaptain Marvel
84.2%
Roy HarperSpeedy
84.1%
Ray PalmerAtom
83.7%
Oswald Chesterfield CobblepotThe Penguin
82%
Tim DrakeRobin III
81.8%
Bart Allen Impulse
81.7%
Edward NygmaThe Riddler
81.1%
Jason ToddRobin II
81%
Damian WayneRobin IV
80.3%
Zatanna ZataraZatanna
80%
John StewartGreen Lantern
79.1%
Helena BertinelliHuntress
77.7%
Jonathan CraneThe Scarecrow
76.4%
Victor StoneCyborg
76.3%
Conner KentSuperboy
75.9%
Pamela IsleyPoison Ivy
75.3%
Victor FriesMr. Freeze
74.3%
Jay GarrickThe Flash
73.7%
Guy GardenerGreen Lantern
72.9%
Secret Identities Super Names % Correct
Kyle RaynerGreen Lantern
72.6%
Alan ScottGreen Lantern
70.5%
Garfield LoganBeast Boy
67.7%
Ted KordBlue Beetle
65.8%
Donna TroyWonder girl
63.6%
John ZataraZatara
62.2%
Jervis Tetch The Mad Hatter
62.2%
Ronald RaymondFirestorm
58.3%
Carol FerrisStar Sapphire
56.3%
Kara Zor LPower Girl
56.1%
Artemis CrockArrowette
55%
Kirk LangstromMan-Bat
53.8%
GarthAqualad
52.9%
Koriand'rStarfire
52.8%
Ted GrantWild Cat
51.6%
Ralph DibnyElongated Man
50.5%
Kent NelsonDoctor Fate
49.1%
TulaAquagirl
46.4%
Nathaniel AdamCaptain Atom
46%
Megan MorseMiss Martian
45.6%
Eel O'BrianPlastic man
45.2%
Rachel RothRaven
38.5%
Michael Jon CarterBooster Gold
38.4%
Jim CorriganThe Spectre
36.1%
John SmithRed Tornado
35.9%
Buddy BakerAnimal Man
33.4%
Wesley DoddsSandman
28.4%
Johnny ChambersJohnny Quick
28.3%
Charles McNiderDoctor Mid-Nite
27.9%
Karen Beecher-DuncanBumblebee
27.1%
Ted KnightStarman
25.2%
Irwin SchwabAmbush Bug
20.3%
Raquel ErvinRocket
18.1%
Buddy BlankOMAC
13.6%
Robert CraneRobotman
13.2%
Arnus (August Freeman IV)Icon
13%

You're not logged in!

Compare scores with friends on all Sporcle quizzes.
Join for Free
OR
Log In

You Might Also Like...

Show Comments

Extras

Top Quizzes Today


Score Distribution

Your Account Isn't Verified!

In order to create a playlist on Sporcle, you need to verify the email address you used during registration. Go to your Sporcle Settings to finish the process.

Report this User

Report this user for behavior that violates our Community Guidelines.

Details: